A Brief introduction to social work theory / (Record no. 81873)
[ view plain ]
| 000 -LEADER | |
|---|---|
| fixed length control field | 00780nam a22002657a 4500 |
| 003 - CONTROL NUMBER IDENTIFIER | |
| control field | URS |
| 005 - DATE AND TIME OF LATEST TRANSACTION | |
| control field | 20250128205720.0 |
| 008 - FIXED-LENGTH DATA ELEMENTS--GENERAL INFORMATION | |
| fixed length control field | 250123b |||||||| |||| 00| 0 eng d |
| 020 ## - INTERNATIONAL STANDARD BOOK NUMBER | |
| International Standard Book Number | 978-73503-0372-0 |
| 040 ## - CATALOGING SOURCE | |
| Transcribing agency | URS |
| 050 00 - LIBRARY OF CONGRESS CALL NUMBER | |
| Classification number | HV40 |
| Item number | .H8381 2024 |
| 100 ## - MAIN ENTRY--PERSONAL NAME | |
| Personal name | Howe, David |
| Relator term | Author |
| 245 ## - TITLE STATEMENT | |
| Title | A Brief introduction to social work theory / |
| Statement of responsibility, etc | David Howe, Darren Hill |
| 250 ## - EDITION STATEMENT | |
| Edition statement | Secong Editon |
| 264 #1 - PUBLICATION, DISTRIBUTION, ETC. (IMPRINT) | |
| Place of publication, distribution, etc | New York: |
| Name of publisher, distributor, etc | Bloomsbury Publishing plc., |
| Date of publication, distribution, etc | @2024 |
| 300 ## - PHYSICAL DESCRIPTION | |
| Extent | vi, 262 pages, |
| Other physical details | illustrations, |
| Dimensions | 23cm. |
| 336 ## - CONTENT TYPE | |
| Source | rdacontent |
| Content type term | text |
| 337 ## - MEDIA TYPE | |
| Source | rdamedia |
| Media type term | unmediated |
| 338 ## - CARRIER TYPE | |
| Source | rdacarrier |
| Carrier type term | volume |
| 504 ## - BIBLIOGRAPHY, ETC. NOTE | |
| Bibliography, etc | it Includes Index. |
| 650 ## - SUBJECT ADDED ENTRY--TOPICAL TERM | |
| Source of heading or term | Social Service |
| 650 ## - SUBJECT ADDED ENTRY--TOPICAL TERM | |
| Source of heading or term | Social Service--Methology |
| 650 ## - SUBJECT ADDED ENTRY--TOPICAL TERM | |
| Source of heading or term | Social Work |
| 942 ## - ADDED ENTRY ELEMENTS (KOHA) | |
| Source of classification or shelving scheme | Library of Congress Classification |
| Koha item type | Foreign Books |
| Withdrawn status | Lost status | Source of classification or shelving scheme | Damaged status | Not for loan | Home library | Current library | Shelving location | Date acquired | Total Checkouts | Full call number | Barcode | Date last seen | Copy number | Price effective from | Koha item type |
|---|---|---|---|---|---|---|---|---|---|---|---|---|---|---|---|
| Library of Congress Classification | Rodriguez College Library | Rodriguez College Library | Foreign Section | 01/22/2025 | HV40.H8381 2024 | URSROD-5268 | 01/23/2025 | 1 | 01/23/2025 | Filipiniana |